| 000 | 01135nam a22002537 4500 | ||
|---|---|---|---|
| 999 |
_c953 _d953 |
||
| 003 | AR-BaISA | ||
| 005 | 20220527174707.0 | ||
| 007 | ta | ||
| 008 | 220527s2010 ag ao||| |||| 000 0 spa d | ||
| 020 | _a9789876290999 | ||
| 040 |
_bspa _cAR-BaISA |
||
| 082 | 0 | 4 |
_222 _a303.483 Al45 |
| 100 | 1 |
_92247 _aAlinovi, Matías |
|
| 245 | 1 | 0 |
_aHistoria universal de la infamia científica: _bimposturas y estafas en nombre de la ciencia / _cMatías Alinovi |
| 260 |
_aBuenos Aires: _bSiglo XXI, _c2010 |
||
| 300 |
_a206 p.: _bil., fotos |
||
| 490 | 1 | _aCiencia que ladra. Serie mayor | |
| 504 | _aBibliografía p.: 201-203. | ||
| 505 |
_tDivulgar el fraude. Prefacio -- _tEl hombre de Piltdown, o la tentación del fraude patriótico -- _tRonald Richter, o el fraude megalómano -- _tJohan Bessler, o el fraude por codicia -- _tEl hombre de Miramar, o el fraude como proyección de la realidad -- _tPaul Kammerer, o el fraude como convicción alternativa -- _tVishwa Jit Gupta, o el fraude imaginario |
||
| 650 | 1 | 4 |
_9136 _aCiencia _xhistoria |
| 650 | 1 | 4 |
_92248 _aMala conducta científica |
| 830 | 0 |
_91255 _aCiencia que ladra |
|
| 942 |
_2ddc _cLI _e22 |
||